| 000 | 00651cam a2200157 4500 | ||
|---|---|---|---|
| 001 | BIIH004955 | ||
| 008 | 1963 spa | ||
| 035 | _aBIIH004955 | ||
| 050 | 4 |
_aKD419 _bT48 1963 |
|
| 245 | 0 | _aTestimonio de la escritura numero 36,940 compra venta la Compañia Mexicana de Luz y Fuerza Motriz, Sociedad Anonima (The Mexican Light and Power Company, Limited), L.M. Guibara, Sucesores, Sociedad en Comandita y la Compañia Mexicana Hidroelectrica y de Terrenos, Sociedad Anonima, en favor de l- | |
| 260 |
_aMéxico : _b[s.n], _c1963 |
||
| 300 |
_aV. ; _c23 cm. |
||
| 500 | _a1 ejemplar | ||
| 650 | 4 | _aNotarios | |
| 942 |
_2lcc _cLIB |
||
| 999 |
_c69557 _d69557 |
||